The answer to modern religious thinking

Gespeichert in:
Bibliographische Detailangaben
1. Verfasser: Nichol, Francis D.
Format: Buch
Sprache:Englisch
Veröffentlicht: Review and Herald. 1936.
Schlagworte:
Tags: Tag hinzufügen
Keine Tags, Fügen Sie den ersten Tag hinzu!

MARC

LEADER 00000nam a22000005a 4500
001 9789
003 CL-ChBUA
005 20120815103215.0
008 070301s1936 xxu 000 0 eng
040 |a CL-ChBUA  |c CL-ChBUA 
082 0 0 |a 201 
090 |c 9789  |d 9789 
100 1 |a Nichol, Francis D. 
245 1 0 |a The answer to modern religious thinking 
260 |b Review and Herald.  |c 1936. 
300 |c 22 cm. 
650 4 |a RELIGION - FILOSOFIA. 
942 |c LIB 
952 |0 0  |1 0  |4 0  |7 0  |9 14378  |a UNACH  |b UNACH  |c 200  |d 2007-03-05  |i 9.611.  |l 0  |o 201 / N 595.  |p 15377  |r 2012-12-27 00:00:00  |u 14378  |w 2012-08-08  |y LIB  |k 201 / N 595. 
999 |c 9789  |d 9789